Bài tập tiếng Anh 10

Wedi'i Gadw mewn:
Manylion Llyfryddiaeth
Prif Awdur: Hoàng, Văn Vân
Awduron Eraill: Hoàng, Thị Xuân Hoa
Fformat: Llyfr
Iaith:Undetermined
Cyhoeddwyd: H. Giáo dục 2006
Pynciau:
Mynediad Ar-lein:http://lrc.tdmu.edu.vn/opac/search/detail.asp?aID=2&ID=5143
Tagiau: Ychwanegu Tag
Dim Tagiau, Byddwch y cyntaf i dagio'r cofnod hwn!
Thư viện lưu trữ: Trung tâm Học liệu Trường Đại học Thủ Dầu Một
LEADER 00647nam a2200205Ia 4500
001 TDMU_5143
008 210410s9999 xx 000 0 und d
082 |a 420.76 
090 |b H407 
100 |a Hoàng, Văn Vân 
245 0 |a Bài tập tiếng Anh 10 
245 0 |c Hoàng Văn Vân 
260 |a H. 
260 |b Giáo dục 
260 |c 2006 
300 |a 128tr 
650 |a Sách lớp 10  |v Bài tập; Tiếng Anh  |x Dạy và học 
700 |a Hoàng, Thị Xuân Hoa 
856 |u http://lrc.tdmu.edu.vn/opac/search/detail.asp?aID=2&ID=5143 
980 |a Trung tâm Học liệu Trường Đại học Thủ Dầu Một